Statistiques concernant La Russie - Première Guerre mondiale et Entre-deux-guerres

Cliquez ici pour prendre le quiz!

Statistiques générales

  • Ce quiz a été pris 136 fois
  • Le résultat moyen est 7 sur 11

Statistiques - réponses

EvènementsPrécisionDates% Correct
Mort de Lénine.Année1924
85%
Révolution communiste dirigée par Lénine et Trotski. Premières prises de décisions: négocier la fin de la guerre.Mois et annéeOctobre 1917
80%
Lénine fonde l’URSS dont la capitale est Moscou et fait du parti bolchevik le seul parti politique autorisé.Année1922
79%
Entrée en guerre de la Russie dans la Première Guerre mondiale sous les ordres du tsar Nicolas II.Mois et annéeAoût 1914
77%
Grande Terreur (période d’exécutions massives ordonnée par Staline).Année1936-1938
74%
Révolution populaire devant le Palais d'Hiver à Pétrograd et abdication du tsar Nicolas II.Mois et annéeFévrier 1917
72%
Fin de la guerre civile par la victoire de l’Armée Rouge (plus de sept millions de morts).Année1921
71%
Signature du traité de paix de Brest-Litovsk et retrait russe de la guerre.Mois et annéeMars 1918
55%
Début de la guerre civile entre les tsaristes (Armée Blanche) et les communistes.Mois et annéeNovembre 1917
55%
Création de la Tchéka, police politique et instrument de la Terreur Rouge.Mois et annéeDécembre 1917
52%
Création de l’Armée Rouge par Trotski, instrument de la Terreur Rouge.Mois et annéeFévrier 1918
48%

Distribution des résultats

Percentile par nombre de réponses

% des personnes avec chaque résultat

Votre développement - résultats

Vous n’avez pas pris ce quiz